Loading...
| Fine Arts - Classical Music | 0 | 6 | 0 | 1 | 60 | 41 | 95.50 | 0 | 1 | 0.00 | 0.00 |
| Literature - World/Other | 0 | 6 | 0 | 1 | 60 | 75 | 112.17 | 0 | 1 | 0.00 | 0.00 |
| Mythology | 0 | 6 | 0 | 2 | 60 | 30 | 102.67 | 1 | 1 | 0.00 | 0.00 |
| Science - Physics | 0 | 6 | 0 | 0 | 60 | 31 | 58.83 | 2 | 5 | 0.00 | 0.00 |
| History - World | 0 | 5 | 0 | 2 | 50 | 35 | 81.20 | 0 | 2 | 0.00 | 0.00 |
| Fine Arts - Visual | 0 | 5 | 0 | 0 | 50 | 32 | 65.00 | 2 | 5 | 0.00 | 0.00 |
| History - American | 0 | 5 | 1 | 1 | 45 | 90 | 105.00 | 1 | 2 | 0.00 | 0.00 |
| History - European | 0 | 5 | 1 | 2 | 45 | 53 | 92.20 | 1 | 1 | 0.00 | 0.00 |
| Literature - British | 0 | 4 | 0 | 0 | 40 | 68 | 94.25 | 0 | 1 | 0.00 | 0.00 |
| Science - Other | 0 | 3 | 0 | 1 | 30 | 61 | 91.00 | 0 | 1 | 0.00 | 0.00 |
| History - Other | 0 | 3 | 0 | 1 | 30 | 61 | 86.67 | 0 | 1 | 0.00 | 0.00 |
| Religion | 0 | 3 | 0 | 1 | 30 | 33 | 93.00 | 1 | 1 | 0.00 | 0.00 |
| Fine Arts - Other | 0 | 3 | 0 | 0 | 30 | 61 | 78.33 | 1 | 3 | 0.00 | 0.00 |
| Literature - American | 0 | 2 | 0 | 0 | 20 | 62 | 90.50 | 0 | 1 | 0.00 | 0.00 |
| Philosophy | 0 | 2 | 0 | 2 | 20 | 118 | 119.00 | 0 | 0 | 0.00 | 0.00 |
| Science - Chemistry | 0 | 2 | 0 | 0 | 20 | 108 | 113.00 | 0 | 1 | 0.00 | 0.00 |
| Literature - European | 0 | 3 | 2 | 0 | 20 | 102 | 123.67 | 0 | 1 | 0.00 | 0.00 |
| Geography/Current Events | 0 | 1 | 0 | 0 | 10 | 59 | 59.00 | 0 | 1 | 0.00 | 0.00 |
| Pop Culture | 0 | 1 | 0 | 0 | 10 | 59 | 59.00 | 1 | 1 | 0.00 | 0.00 |
| Other Academic | 0 | 0 | 1 | 0 | -5 | 0.00 | 0 | 0 | 0.00 | 0.00 |